Statistiques concernant Cinq pays les plus peuplés par continent

Cliquez ici pour prendre le quiz!

Statistiques générales

  • Ce quiz a été pris 275 fois
  • Le résultat moyen est 24 sur 30

Statistiques - réponses

Population en millionsContinentPays% Correct
1425AsieChine
100%
67EuropeFrance
99%
83EuropeAllemagne
98%
1417AsieInde
98%
144EuropeRussie
98%
338Am NordÉtats-Unis
97%
215Am SudBrésil
96%
45Am SudArgentine
95%
38Am NordCanada
95%
127Am NordMexique
95%
67EuropeRoyaume-Uni
94%
26OcéanieAustralie
91%
51Am SudColombie
89%
59EuropeItalie
89%
34Am SudPérou
88%
275AsieIndonésie
86%
5OcéanieNouvelle-Zélande
86%
100AfriqueRD Congo
84%
218AfriqueNigeria
81%
110AfriqueÉgypte
80%
28Am SudVenezuela
80%
235AsiePakistan
76%
171AsieBangladesh
68%
0,9OcéanieFidji
63%
17Am NordGuatemala
60%
10OcéaniePapouasie-Nouvelle-Guinée
60%
123AfriqueÉthiopie
59%
11Am NordHaïti
52%
65AfriqueTanzanie
46%
0,7OcéanieSalomon
43%

Distribution des résultats

Percentile par nombre de réponses

% des personnes avec chaque résultat

Votre développement - résultats

Vous n’avez pas pris ce quiz